|
|
|
|
| LEADER |
00000nam0a2200000 4500 |
| 001 |
117806 |
| 005 |
20231031123927.0 |
| 010 |
|
|
|a 7301102372
|
| 035 |
|
|
|a (RuTPU)RU\TPU\book\127513
|
| 035 |
|
|
|a RU\TPU\book\127211
|
| 090 |
|
|
|a 117806
|
| 100 |
|
|
|a 20070606d2006 km y0chiy50 ea
|
| 101 |
0 |
|
|a chi
|
| 102 |
|
|
|a CN
|
| 105 |
|
|
|a y z 000zy
|
| 200 |
1 |
|
|a Основы древней литературы Китая
|f под ред. Чао Чуанда; Фэнь Хуйцзюань
|
| 210 |
|
|
|a Пекин
|c Изд-во Пекинского ун-та
|d 2006
|
| 215 |
|
|
|a 229 с.
|
| 300 |
|
|
|a Книга на китайском языке.
|
| 610 |
1 |
|
|a Древний Китай
|
| 610 |
1 |
|
|a литература
|
| 610 |
1 |
|
|a история
|
| 610 |
1 |
|
|a китайская литература
|
| 610 |
1 |
|
|a литературоведение
|
| 686 |
|
|
|a Т3(5Кит)-7
|v LBC/SL-A
|2 rubbk
|
| 702 |
|
0 |
|a Чао Чуанда
|4 340
|
| 702 |
|
0 |
|a Фэнь Хуйцзюань
|4 340
|
| 801 |
|
1 |
|a RU
|b 63413507
|c 20070604
|g PSBO
|
| 801 |
|
2 |
|a RU
|b 63413507
|c 20220530
|g PSBO
|
| 942 |
|
|
|c BK
|